Selected Papers from SDEWES 2017: The 12th Conference on Sustainable Development of Energy, Water and Environment Systems (Record no. 52376)

MARC details
000 -LEADER
fixed length control field 02813nam a2200289Ia 4500
000 - LEADER
fixed length control field 03135naaa 00337uu
001 - CONTROL NUMBER
control field https://directory.doabooks.org/handle/20.500.12854/59152
005 - DATE AND TIME OF LATEST TRANSACTION
control field 20260218105957.0
008 - FIXED-LENGTH DATA ELEMENTS--GENERAL INFORMATION
fixed length control field 211013s9999 xx 000 0 und d
020 ## - INTERNATIONAL STANDARD BOOK NUMBER
International Standard Book Number 9783038973966
024 ## - OTHER STANDARD IDENTIFIER
Standard number or code 10.3390/books978-3-03897-397-3
042 ## - AUTHENTICATION CODE
Authentication code dc
245 #0 - TITLE STATEMENT
Title Selected Papers from SDEWES 2017: The 12th Conference on Sustainable Development of Energy, Water and Environment Systems
260 ## - PUBLICATION, DISTRIBUTION, ETC.
Name of publisher, distributor, etc. MDPI - Multidisciplinary Digital Publishing Institute
Date of publication, distribution, etc. 2019
300 ## - PHYSICAL DESCRIPTION
Extent 1 electronic resource (346 p.)
520 ## - SUMMARY, ETC.
Summary, etc. EU energy policy is more and more promoting a resilient, efficient and sustainable energy system. Several agreements have been signed in the last few months that set ambitious goals in terms of energy efficiency and emission reductions and to reduce the energy consumption in buildings. These actions are expected to fulfill the goals negotiated at the Paris Agreement in 2015. The successful development of this ambitious energy policy needs to be supported by scientific knowledge: a huge effort must be made in order to develop more efficient energy conversion technologies based both on renewables and fossil fuels. Similarly, researchers are also expected to work on the integration of conventional and novel systems, also taking into account the needs for the management of the novel energy systems in terms of energy storage and devices management. Therefore, a multi-disciplinary approach is required in order to achieve these goals. To ensure that the scientists belonging to the different disciplines are aware of the scientific progress in the other research areas, specific Conferences are periodically organized. One of the most popular conferences in this area is the Sustainable Development of Energy, Water and Environment Systems (SDEWES) Series Conference. The 12th Sustainable Development of Energy, Water and Environment Systems Conference was recently held in Dubrovnik, Croatia. The present Special Issue of Energies, specifically dedicated to the 12th SDEWES Conference, is focused on five main fields: energy policy and energy efficiency in smart energy systems, polygeneration and district heating, advanced combustion techniques and fuels, biomass and building efficiency.
540 ## - TERMS GOVERNING USE AND REPRODUCTION NOTE
Terms governing use and reproduction Creative Commons
653 ## - INDEX TERM--UNCONTROLLED
Uncontrolled term district heating and cooling
700 1# - ADDED ENTRY--PERSONAL NAME
Personal name
Relator term editor
700 1# - ADDED ENTRY--PERSONAL NAME
Personal name Francesco Calise
Relator term editor
700 1# - ADDED ENTRY--PERSONAL NAME
Personal name Mario Manuel Goncalves da Costa
Relator term editor
700 1# - ADDED ENTRY--PERSONAL NAME
Personal name Neven Dui's 107
700 1# - ADDED ENTRY--PERSONAL NAME
Personal name Xiliang Zhang
Relator term editor
856 ## - ELECTRONIC LOCATION AND ACCESS
Uniform Resource Identifier <a href="https://docs.google.com/spreadsheets/d/1yKIrdCPDAG_9c22mwoOIO2DOhtj65Wqa/edit?usp=sharing&ouid=106555315294820607512&rtpof=true&sd=true ">https://docs.google.com/spreadsheets/d/1yKIrdCPDAG_9c22mwoOIO2DOhtj65Wqa/edit?usp=sharing&ouid=106555315294820607512&rtpof=true&sd=true </a>
Link text List of Curated E-Books
942 ## - ADDED ENTRY ELEMENTS (KOHA)
Koha item type E-Book
Holdings
Withdrawn status Source of classification or shelving scheme Damaged status Not for loan Home library Current library Date acquired Total Checkouts Date last seen Price effective from Koha item type
  Library of Congress Classification   Not For Loan Directory of Open Access Books Directory of Open Access Books 12/22/2021   12/22/2021 12/22/2021 E-Book

University of Rizal System
Email us at univlibservices@urs.edu.ph

Visit our Website www.urs.edu.ph/library